000 01809cam a22004214i 4500
003 PE-LiUPU
005 20250731175635.0
008 150616s1977 sp a r 000 0 spa d
020 _a843760088X
020 _a9788437600888
035 _a(Sirsi) i9788437600888
040 _aPE-LiUPU
_bspa
_cPE-LiUPU
_erda
049 _aPRUA
082 0 4 _a430
_bK79
_221
100 1 _aKrahe, Hans,
_eautor.
245 1 0 _aLingüística germánica.
264 1 _aMadrid :
_bEdiciones Cátedra,
_c1977.
300 _a261 páginas :
_bilustraciones ;
_c21 centímetros
336 _atext
_2rdacontent
337 _aunmediated
_2rdamedia
338 _avolume
_2rdacarrier
505 0 _aParte general: -Relaciones del germánico con otras lenguas, debidas a parentesco y a la proximidad geográfica -- División del germánico -- Alcance y objetivos de la lingüística germánica -- Fuentes de la lingüística germánica -- Principales características del germánico. Fonética: -Entonación -- Vocalismo -- Consonantismo -- Leyes de posición final. Morfología: -Morfología del nombre -- Morfología del verbo.
526 _aP145
526 _aP127
526 _aP97
526 _aP35
526 _aP14
526 _aP07
650 0 4 _aFilosofia germanica.
910 _ajck
_bjvq
_cjck
910 _bjvq
_cjck
_d20190419
942 _2ddc
_cBOOK
949 _a430 K79
_wDEWEY
_c1
_i25125
_d2016-6-22
_e2016-6-12
_lCCODEBUL1
_mBUL
_n2
_r0
_sY
_tBOOK
_u2015-6-16
_xEDUCACION
_PP20
_0COMPRA
_o.STAFF. Colección General
994 _aC0
_bPEPRU
596 _a1
999 _a430 K79
_wDEWEY
_c48495
_i25125
_d48495
_e2016-6-12
_f2021-11-8
_g6
_lCCODEBUL1
_mBUL
_n2
_p30.00
_q1
_r0
_sY
_tBOOK
_u2015-6-16
_xEDUCACION
_PP20
_0COMPRA
_o.STAFF. Colección General
980 _81
_gALBERTO SANCHEZ Responsable de Automatización